000 00527cam a22001933a 4500
001 39494
003 PGUSA
005 20140828083858.0
008 120420s2012||||xxu|||||s|||||000 | eng d
040 _aPGUSA
_beng
042 _adc
245 1 0 _aPoetry of the Supernatural
_h[electronic resource] /
_cVarious
260 _bProject Gutenberg,
_c2012
506 _aPublic domain in the USA.
516 _aElectronic text
830 0 _aProject Gutenberg
_v39494
856 4 0 _uhttp://www.gutenberg.org/ebooks/39494
942 _cEB
999 _c268747
_d268747